[Event "HUN-chT 9697"]
[Site "Hungary"]
[Date "1997.??.??"]
[Round "13"]
[White "Kuklin, Alexander"]
[Black "Havasi, Janos"]
[Result "1-0"]
[WhiteElo "2270"]
[BlackElo "2250"]
[PlyCount "53"]
[EventDate "1996.??.??"]
[EventType "team"]
[EventRounds "12"]
[EventCountry "HUN"]
[SourceTitle "EXT 2006"]
[Source "ChessBase"]
[SourceDate "2005.11.24"]
[SourceVersion "1"]
[SourceVersionDate "2005.11.24"]
[SourceQuality "1"]
[WhiteTeam "Budapest MTK"]
[BlackTeam "Vasas"]
[WhiteTeamCountry "HUN"]
[BlackTeamCountry "HUN"]

1. e4 e6 2. d3 d5 3. Nd2 c5 4. Ngf3 Nc6 5. g3 Bd6 6. Bg2 Nge7 7. 0-0 0-0 8. Re1 b5 9. h4 d4 10. e5 Bc7 11. Ne4 c4 12. Nfg5 Bxe5 13. Nxh7 Nd5 14. Nxf8 Qxf8 15. Ng5 Bd7 16. Qh5 Nf6 17. Qxf7+ Qxf7 18. Nxf7 Kxf7 19. Rxe5 Nxe5 20. Bxa8 Bc6 21. Bxc6 Nxc6 22. a4 a6 23. axb5 axb5 24. dxc4 bxc4 25. Ra4 c3 26. bxc3 dxc3 27. Rc4 1-0

[Event "HUN-chT 9697"]
[Site "Hungary"]
[Date "1997.??.??"]
[Round "7"]
[White "Rabovszky, Gyorgy"]
[Black "Kuklin, Alexander"]
[Result "0-1"]
[WhiteElo "2080"]
[BlackElo "2270"]
[PlyCount "52"]
[EventDate "1996.??.??"]
[EventType "team"]
[EventRounds "12"]
[EventCountry "HUN"]
[SourceTitle "EXT 2006"]
[Source "ChessBase"]
[SourceDate "2005.11.24"]
[SourceVersion "1"]
[SourceVersionDate "2005.11.24"]
[SourceQuality "1"]
[WhiteTeam "Matador"]
[BlackTeam "Budapest MTK"]
[WhiteTeamCountry "HUN"]
[BlackTeamCountry "HUN"]

1. e4 c5 2. Nf3 Nc6 3. Bb5 g6 4. 0-0 Bg7 5. c3 e5 6. Na3 Nge7 7. d3 0-0 8. Be3 d6 9. d4 exd4 10. cxd4 Bg4 11. d5 Nd4 12. Bxd4 cxd4 13. Qd3 a6 14. Ba4 b5 15. Bb3 Qb6 16. Rfe1 Rac8 17. Nd2 Bd7 18. Nc2 b4 19. Bc4 g5 20. b3 Ng6 21. Rac1 Ne5 22. Qg3 g4 23. Be2 Rc3 24. Qh4 d3 25. Bxg4 Nxg4 26. Nc4 Rxc4 0-1

[Event "Budapest FS12 IM"]
[Site "Budapest"]
[Date "1996.??.??"]
[Round "11"]
[White "Kuklin, Alexander"]
[Black "Fancsy, Imre"]
[Result "1/2-1/2"]
[WhiteElo "2270"]
[BlackElo "2325"]
[PlyCount "49"]
[EventDate "1996.12.??"]
[EventType "tourn"]
[EventRounds "11"]
[EventCountry "HUN"]
[EventCategory "3"]
[SourceTitle "EXT 1998"]
[Source "ChessBase"]
[SourceDate "1997.11.17"]
[SourceVersion "1"]
[SourceVersionDate "1997.11.17"]
[SourceQuality "1"]

1. e4 c5 2. Nf3 d6 3. d4 cxd4 4. Nxd4 Nf6 5. Nc3 e6 6. Bc4 a6 7. 0-0 b5 8. Bb3 Be7 9. f4 0-0 10. e5 dxe5 11. fxe5 Nfd7 12. Be3 Nxe5 13. Qh5 Nc4 14. Bxc4 bxc4 15. Rad1 Qc7 16. Rf3 g6 17. Qh6 f6 18. Rdf1 e5 19. Rg3 Bd8 20. Nf3 Nc6 21. Bc5 Be7 22. Rxg6+ hxg6 23. Qxg6+ Kh8 24. Qh6+ Kg8 25. Qg6+ 1/2-1/2

[Event "Budapest FS12 IM"]
[Site "Budapest"]
[Date "1996.??.??"]
[Round "2"]
[White "Kuklin, Alexander"]
[Black "Szieberth, Adam"]
[Result "1/2-1/2"]
[WhiteElo "2270"]
[BlackElo "2300"]
[PlyCount "80"]
[EventDate "1996.12.??"]
[EventType "tourn"]
[EventRounds "11"]
[EventCountry "HUN"]
[EventCategory "3"]
[SourceTitle "EXT 1998"]
[Source "ChessBase"]
[SourceDate "1997.11.17"]
[SourceVersion "1"]
[SourceVersionDate "1997.11.17"]
[SourceQuality "1"]

1. g3 c5 2. c4 Nf6 3. Bg2 g6 4. Nc3 Bg7 5. e3 0-0 6. Nge2 Nc6 7. 0-0 d6 8. d4 Bd7 9. b3 Qc8 10. Bb2 Bh3 11. Qd2 a6 12. Na4 Bxg2 13. Kxg2 Nd7 14. dxc5 Bxb2 15. Qxb2 dxc5 16. Nec3 b5 17. cxb5 axb5 18. Nxb5 Qb7 19. Nbc3 Nce5+ 20. f3 g5 21. e4 g4 22. fxg4 Rxa4 23. Nxa4 Qxe4+ 24. Kg1 Nf3+ 25. Rxf3 Qxf3 26. Qf2 Qxg4 27. Nxc5 Ne5 28. Rf1 Rd8 29. Qe3 Rd5 30. Kg2 Qb4 31. Ne4 Ng6 32. Qf3 Ra5 33. Qxf7+ Kh8 34. Qc4 Rxa2+ 35. Rf2 Qxc4 36. bxc4 Ra4 37. Rc2 Ne5 38. Nd2 Kg7 39. c5 Kf7 40. c6 Nxc6 1/2-1/2

[Event "HUN-chT3"]
[Site "Hungary"]
[Date "1996.??.??"]
[Round "?"]
[White "Vass, Attila"]
[Black "Kuklin, Alexander"]
[Result "1-0"]
[WhiteElo "2130"]
[BlackElo "2270"]
[PlyCount "51"]
[EventDate "1996.??.??"]
[EventType "team"]
[EventRounds "9"]
[EventCountry "HUN"]
[SourceTitle "EXT 2001"]
[Source "ChessBase"]
[SourceDate "2000.11.22"]
[SourceVersion "1"]
[SourceVersionDate "2000.11.22"]
[SourceQuality "1"]

1. e4 c5 2. Nf3 Nc6 3. d4 cxd4 4. Nxd4 Nf6 5. Nc3 e5 6. Nb3 Bb4 7. Bd3 d5 8. exd5 Nxd5 9. Bd2 0-0 10. Nxd5 Qxd5 11. f3 Rd8 12. 0-0 a5 13. Bxb4 Nxb4 14. Be4 Qxd1 15. Raxd1 Be6 16. Bxb7 Rab8 17. Nxa5 Bxa2 18. c3 Nc2 19. Nc6 Rxd1 20. Rxd1 Re8 21. Nxe5 f6 22. Ng4 h5 23. Nf2 Rb8 24. Rd7 Re8 25. Ne4 Be6 26. Bd5 1-0

[Event "HUN-chT"]
[Site "Hungary"]
[Date "1995.??.??"]
[Round "?"]
[White "Kuklin, Alexander"]
[Black "Tenyi, Jozsef"]
[Result "0-1"]
[WhiteElo "2290"]
[BlackElo "2185"]
[PlyCount "78"]
[EventDate "1995.??.??"]
[EventType "team"]
[EventRounds "13"]
[EventCountry "HUN"]
[SourceTitle "EXT 1997"]
[Source "ChessBase"]
[SourceDate "1996.11.15"]
[SourceVersion "1"]
[SourceVersionDate "1996.11.15"]
[SourceQuality "1"]

1. e4 c5 2. Nf3 Nc6 3. Bb5 d6 4. 0-0 Bd7 5. c3 a6 6. Ba4 b5 7. Bc2 e5 8. d4 Be7 9. d5 Na5 10. Nbd2 Nf6 11. Re1 0-0 12. Nf1 Ne8 13. Ng3 g6 14. Bh6 Ng7 15. b3 Bg4 16. Qd2 f6 17. Bd1 Bd7 18. h3 Kh8 19. Bc2 Rg8 20. Rad1 Qe8 21. Nh2 Nb7 22. f4 Nd8 23. fxe5 fxe5 24. Rf1 Nf7 25. Be3 Bh4 26. Rf3 Qe7 27. Rdf1 Rgf8 28. Ng4 Bxg4 29. hxg4 Kg8 30. Kh2 Qd7 31. g5 Qg4 32. Qf2 Nh5 33. Nxh5 Qxh5 34. g3 Bxg5+ 35. Kg2 Bxe3 36. Qxe3 Ng5 37. Rxf8+ Rxf8 38. Rh1 Qf3+ 39. Qxf3 Rxf3 0-1

[Event "HUN-chT 9394"]
[Site "Hungary"]
[Date "1994.??.??"]
[Round "?"]
[White "Kuklin, Alexander"]
[Black "Portisch, Gabor"]
[Result "1/2-1/2"]
[WhiteElo "2275"]
[BlackElo "2290"]
[PlyCount "62"]
[EventDate "1993.??.??"]
[EventType "team"]
[EventRounds "13"]
[EventCountry "HUN"]
[SourceTitle "TD"]
[Source "ChessBase"]
[SourceDate "1994.03.01"]
[SourceVersion "1"]
[SourceVersionDate "1994.03.01"]
[SourceQuality "1"]

1. e4 e6 2. d3 d5 3. Nd2 Nf6 4. Ngf3 Nc6 5. g3 dxe4 6. dxe4 Bc5 7. Bg2 e5 8. 0-0 0-0 9. Qe2 a5 10. Nc4 Qe7 11. c3 b6 12. Nh4 Ba6 13. b3 Qe6 14. Nf5 g6 15. Nh6+ Kg7 16. Bg5 a4 17. Qf3 Ng8 18. Nxg8 Kxg8 19. Rfd1 Bxc4 20. bxc4 Na5 21. h4 f6 22. Bh6 Rf7 23. Kh2 Nxc4 24. Bh3 Qc6 25. Rd5 Bf8 26. Bxf8 Raxf8 27. Rad1 f5 28. exf5 gxf5 29. Qh5 Nb2 30. R1d2 Nc4 31. Rd1 Nb2 1/2-1/2

[Event "HUN-chT"]
[Site "Hungary"]
[Date "1992.??.??"]
[Round "10"]
[White "Czegledi, Zsolt"]
[Black "Kuklin, Alexander"]
[Result "1-0"]
[WhiteElo "2220"]
[BlackElo "2290"]
[PlyCount "65"]
[EventDate "1992.??.??"]
[EventType "team"]
[EventRounds "14"]
[EventCountry "HUN"]
[SourceTitle "EXT 2000"]
[Source "ChessBase"]
[SourceDate "1999.11.16"]
[SourceVersion "1"]
[SourceVersionDate "1999.11.16"]
[SourceQuality "1"]

1. d4 Nf6 2. Nf3 g6 3. c4 Bg7 4. Nc3 0-0 5. Bg5 h6 6. Bh4 d6 7. h3 c5 8. d5 e6 9. e4 exd5 10. exd5 Nbd7 11. Be2 Re8 12. 0-0 Ne5 13. Re1 Bf5 14. Nxe5 Rxe5 15. Bg3 Re8 16. Qb3 Qd7 17. Bf3 Nh7 18. Be4 Bxe4 19. Nxe4 Be5 20. Nxc5 Qf5 21. Bxe5 Rxe5 22. Nd3 Re4 23. Rxe4 Qxe4 24. Re1 Qd4 25. Qxb7 Rf8 26. Qb3 Rc8 27. Rc1 Nf6 28. Qc3 Qh4 29. g3 Qg5 30. Qd4 Nh5 31. Qg4 Qd8 32. Re1 Nf6 33. Qd4 1-0

[Event "HUN-chT"]
[Site "Hungary"]
[Date "1992.??.??"]
[Round "9"]
[White "Kuklin, Alexander"]
[Black "Boronyak, Arpad"]
[Result "0-1"]
[WhiteElo "2290"]
[BlackElo "2265"]
[PlyCount "108"]
[EventDate "1992.??.??"]
[EventType "team"]
[EventRounds "14"]
[EventCountry "HUN"]
[SourceTitle "EXT 2000"]
[Source "ChessBase"]
[SourceDate "1999.11.16"]
[SourceVersion "1"]
[SourceVersionDate "1999.11.16"]
[SourceQuality "1"]

1. c4 g6 2. g3 Bg7 3. Bg2 Nc6 4. Nc3 d6 5. d3 e5 6. e4 Be6 7. Nge2 Nf6 8. 0-0 0-0 9. Nd5 Ne8 10. f4 Qd7 11. Be3 f5 12. fxe5 dxe5 13. Qd2 Nd8 14. exf5 gxf5 15. Bc5 Rf7 16. Rad1 c6 17. Ndc3 Nf6 18. Qg5 Qe8 19. Bh3 b6 20. Ba3 f4 21. Bxe6 Nxe6 22. Qh4 fxg3 23. Nxg3 Nf4 24. Rf3 Qd7 25. Rdf1 c5 26. Nce2 Nxe2+ 27. Nxe2 Raf8 28. b3 Qg4+ 29. Qxg4 Nxg4 30. Rxf7 Rxf7 31. Rxf7 Kxf7 32. Nc3 Bh6 33. Nb5 a6 34. Nc7 Bf4 35. h3 Ne3 36. Nxa6 Nc2 37. Bb2 Ne1 38. b4 Nxd3 39. Ba3 cxb4 40. Bxb4 e4 41. Kf1 Ke6 42. Bf8 Nc1 43. Ba3 Nxa2 44. c5 bxc5 45. Nxc5+ Kd5 46. Nxe4 Kxe4 47. Kg2 Nc3 48. Bc5 Be5 49. Be7 Nd5 50. Bg5 Bf4 51. Bd8 h6 52. Bh4 Bc7 53. Be1 Nf4+ 54. Kh1 Nxh3 0-1

[Event "HUN-chT"]
[Site "Hungary"]
[Date "1992.??.??"]
[Round "?"]
[White "Kuklin, Alexander"]
[Black "Donka, Peter"]
[Result "1-0"]
[WhiteElo "2290"]
[BlackElo "2315"]
[PlyCount "72"]
[EventDate "1992.??.??"]
[EventType "team"]
[EventRounds "14"]
[EventCountry "HUN"]
[SourceTitle "EXT 2000"]
[Source "ChessBase"]
[SourceDate "1999.11.16"]
[SourceVersion "1"]
[SourceVersionDate "1999.11.16"]
[SourceQuality "1"]

1. e4 c5 2. Nf3 Nc6 3. Nc3 g6 4. Bb5 Bg7 5. 0-0 e6 6. Bxc6 bxc6 7. e5 f5 8. d4 cxd4 9. Qxd4 h6 10. Ne2 Qb6 11. Qh4 Qc5 12. Nf4 Kf7 13. Be3 Qxc2 14. Rac1 Qxb2 15. Bc5 Rb8 16. Qg3 g5 17. Qh3 Ne7 18. Qh5+ Kg8 19. Bxe7 gxf4 20. Bd6 Ba6 21. Rfe1 Rb7 22. Nh4 Kh7 23. Ng6 Be2 24. f3 Rg8 25. Ne7 Rf8 26. Ng6 Rg8 27. Ne7 Ra8 28. Qg6+ Kh8 29. Qf7 Kh7 30. Ng6 Qd4+ 31. Kh1 Rb2 32. Bf8 Rxf8 33. Nxf8+ Kh8 34. Ng6+ Kh7 35. Ne7 h5 36. Qxh5+ Bh6 1-0

[Event "HUN-chT"]
[Site "Hungary"]
[Date "1992.??.??"]
[Round "?"]
[White "Kuklin, Alexander"]
[Black "Kadar, Gabor"]
[Result "1-0"]
[WhiteElo "2290"]
[BlackElo "2295"]
[PlyCount "83"]
[EventDate "1992.??.??"]
[EventType "team"]
[EventRounds "14"]
[EventCountry "HUN"]
[SourceTitle "EXT 2000"]
[Source "ChessBase"]
[SourceDate "1999.11.16"]
[SourceVersion "1"]
[SourceVersionDate "1999.11.16"]
[SourceQuality "1"]

1. e4 d6 2. c4 c5 3. Nc3 Nc6 4. g3 g6 5. Bg2 Bg7 6. d3 e6 7. Nge2 Nge7 8. 0-0 0-0 9. Rb1 f5 10. Be3 Nd4 11. b4 Nxe2+ 12. Nxe2 cxb4 13. Rxb4 Nc6 14. Rb1 Qc7 15. exf5 gxf5 16. d4 Na5 17. d5 e5 18. c5 Nc4 19. cxd6 Qxd6 20. Bg5 a6 21. Qb3 b5 22. Qb4 Re8 23. Qxd6 Nxd6 24. Nc1 Bb7 25. Nb3 Rac8 26. Rbc1 Nc4 27. Rfd1 Bf8 28. Bh3 Nd6 29. Nc5 Rxc5 30. Rxc5 Ne4 31. Rc7 Nxg5 32. Bxf5 Ba8 33. h4 Nf3+ 34. Kg2 Nd4 35. Bxh7+ Kh8 36. Be4 Rd8 37. f4 Ne6 38. Ra7 Nc5 39. Bf3 exf4 40. gxf4 Bg7 41. h5 Bb7 42. Rc1 1-0

[Event "HUN-chT"]
[Site "Hungary"]
[Date "1991.??.??"]
[Round "?"]
[White "Kuklin, Alexander"]
[Black "Mate, Laszlo"]
[Result "0-1"]
[WhiteElo "2320"]
[BlackElo "2245"]
[PlyCount "71"]
[EventDate "1991.??.??"]
[EventType "team"]
[EventRounds "9"]
[EventCountry "HUN"]
[SourceTitle "TD"]
[Source "ChessBase"]
[SourceDate "1994.03.01"]
[SourceVersion "1"]
[SourceVersionDate "1994.03.01"]
[SourceQuality "1"]

1. e4 c5 2. Nf3 Nc6 3. Nc3 g6 4. d4 cxd4 5. Nxd4 Bg7 6. Be3 Nf6 7. Bc4 0-0 8. f3 Qb6 9. Bb3 Ng4 10. Nd5 Nxe3 11. Nxb6 Nxd1 12. Nxa8 Nxb2 13. c3 Nd3+ 14. Kd2 Nc5 15. Nc7 d6 16. Nd5 Bd7 17. Rad1 Re8 18. Ke3 Kf8 19. Kf2 Rc8 20. Rhe1 Ne5 21. Kg1 e6 22. Nf4 Ke7 23. Bc2 Bh6 24. Nh3 Nc4 25. Bb3 Ne3 26. Rd2 e5 27. Nc2 Nxb3 28. axb3 Rxc3 29. Nb4 Rxb3 30. Nd5+ Nxd5 31. Rxd5 Bc6 32. Rdd1 Be3+ 33. Kh1 a5 34. Re2 a4 35. Rde1 Bd4 36. Rd2 0-1

[Event "HUN-chT"]
[Site "Hungary"]
[Date "1989.??.??"]
[Round "8"]
[White "Cseh, Andor"]
[Black "Kuklin, Alexander"]
[Result "0-1"]
[WhiteElo "2255"]
[BlackElo "2325"]
[PlyCount "48"]
[EventDate "1989.??.??"]
[EventType "team"]
[EventRounds "13"]
[EventCountry "HUN"]
[SourceTitle "EXT 2009"]
[Source "ChessBase"]
[SourceDate "2008.11.26"]
[SourceVersion "1"]
[SourceVersionDate "2008.11.26"]
[SourceQuality "1"]

1. e4 c5 2. Nf3 Nc6 3. d4 cxd4 4. Nxd4 Nf6 5. Nc3 d6 6. Bc4 e6 7. Bb3 Be7 8. Be3 0-0 9. Rg1 Nxd4 10. Bxd4 b5 11. f3 b4 12. Ne2 a5 13. c3 Ba6 14. cxb4 axb4 15. Qd2 Qa5 16. Kf2 e5 17. Be3 d5 18. exd5 Rad8 19. Rgd1 Bb7 20. d6 Bxd6 21. Qe1 e4 22. Ng3 exf3 23. gxf3 Rfe8 24. Rd4 Bxg3+ 0-1